| 000 | 006170000a22001690004500 | ||
|---|---|---|---|
| 090 |
_aAR _b00414 |
||
| 245 | 1 | 0 | _aDistribution and abundance of butterflies in a mountain area in the northern Iberian peninsula |
| 650 | 1 | 4 |
_aDistribución altitudinal _94375 |
| 650 | 1 | 4 |
_aRiqueza de especies _93326 |
| 650 | 1 | 4 |
_aMariposas _993025 |
| 651 | 4 |
_lParque Nacional Montaña de Covadonga _dAsturias, León _pEspaña _992749 |
|
| 041 | 0 | _aInglés | |
| 700 | 1 |
_aMenéndez, Rosa _993363 |
|
| 100 | 1 |
_aGutiérrez, David _993364 |
|
| 942 | _cARTICULO | ||
| 773 | 1 |
_tEcography: pattern and diversity in ecology _31136 _h3 _q209-216 _d1995 _g18 |
|
| 999 |
_c9511 _d9511 |
||